1560 1720 1439 1434 1341 1009 1874 1562 1370 1560 1994 1724 1131 1594 1227 1806 1931 1896 1455 1914 1095 1440 1069 1021 1966 1321 1001 1648 1130 1604 1483 1145 1935 1783 1370 1186 1619 1435 1629 1127 1038 1554 1495 1172 1445 1985 1185 1341 1170 1510 1821 1007 1322 1127 1900 1546 1705 1978 1301 1827 1926 1674 1941 1231 1138 1653 1437 1398 1102 1711 1782 1940 1356 1687 1067 1404 1324 1104 1093 1376 1077 1191 1689 1274 1115 1793 1242 1384 1650 1256 1585 1709 1739 1175 1149 1064 1581 1742 1845 BCNSPRNW ULIB Ver.6.0+V

เปลี่ยนเป็นภาษาไทย

Change to English
 แสดงรายละเอียดบรรณานุกรม
  กลับหน้าหลัก

Brief Record : Get Marc (ISO 2709) : E-mail record : QR code < ปิดหน้าต่าง
LEADER : 00000nam 2200000uu 4500
001    13399114206
003     ULIB
008    020711s2552 th a 000 0 tha d
020    ^a9747656411
050    ^aAC158^bส855อ
100    ^aสุรศิดิ์ กาญจนภูษิต
245    ^aอักลี่ ตุ๊กกี้ /^cสุรศิดิ์ กาญจนภูษิต
250    ^aพิมพ์ครั้งที่ 8
260    ^aกรุงเทพฯ :^bเวิร์คพอยท์ พับลิชชิ่ง,^c2552
300    ^a156 หน้า
945    ^p125^l0^i026867
รายการนี้ยังไม่มีแท็ก
คุณยังไม่ได้ล็อกอิน คุณสามารถมีกิจกรรมร่วมกับเว็บไซต์ได้ แต่ต้องล็อกอินก่อน ::
  ล็อกอิน

รายการสื่อสารสนเทศ

ลำดับที่ ประเภท เลขเรียก/บาร์โค้ด สถานที่ สถานะ
- ไม่พบข้อมูล -

BibComment


ยังไม่เคยถูกคอมเมนท์

คอมเมนท์ทรัพยากรรายการนี้
  คอมเมนท์: อักลี่ ตุ๊กกี้ ..


 Copyright 2026. Bcnsprnw @Library